[Event "SCO-ch"]
[Site "?"]
[Date "1995.??.??"]
[Round "4"]
[White "Mannion, Stephen R"]
[Black "Pritchett, Craig William"]
[Result "1/2-1/2"]
[WhiteElo "2355"]
[BlackElo "2345"]

1.e4 c5 2.Nf3 e6 3.d4 cxd4 4.Nxd4 Nc6 5.Nb5 d6 6.c4 Nf6 7.N1c3 a6 8.Na3 Be7
9.Be2 O-O 10.O-O b6 11.Bf4 Bb7 12.Re1 Ne5 13.Bf1 Ng6 14.Bg3 h5 15.h3 h4 16.Bh2 Rc8
17.Rc1 Re8 18.Rc2 Rc7 19.Rd2 Rd7 20.Qe2 Qc7 21.Nc2 Rc8 22.Red1 Rdd8 23.Kh1  1/2-1/2

[Event "Szekszard op "]
[Site "Szekszard"]
[Date "1995.??.??"]
[Round "?"]
[White "Rabovszky, Gyorgy"]
[Black "Nemeth, Antal"]
[Result "0-1"]
[WhiteElo "2115"]
[BlackElo "2265"]

1.e4 c5 2.Nf3 Nc6 3.d4 cxd4 4.Nxd4 e6 5.Nb5 d6 6.c4 a6 7.N5a3 Nf6 8.Nc3 Be7
9.Be2 Qc7 10.Be3 Rb8 11.O-O O-O 12.Rc1 Re8 13.f4 Bf8 14.Kh1 b6 15.Bg1 Ne7
16.Qd4 Nd7 17.Nc2 Bb7 18.Ne3 Rbc8 19.Ng4 Qb8 20.Nh6+ gxh6 21.Rf3 Bg7 22.Qf2 Nc5
23.Rg3 f5 24.Rxg7+ Kxg7 25.Qh4 Ng6 26.Qg3 Nxe4 27.Nxe4 Bxe4 28.h4 Kf7  0-1

[Event "JUG-chT (Women)"]
[Site "Tivat"]
[Date "1995.??.??"]
[Round "3"]
[White "Vuksanovic, Sanja"]
[Black "Micic, Snezana"]
[Result "0-1"]
[WhiteElo "2320"]
[BlackElo "2215"]

1.e4 c5 2.Nf3 Nc6 3.d4 cxd4 4.Nxd4 e6 5.Nb5 d6 6.c4 Nf6 7.N1c3 a6 8.Na3 Be7
9.Be2 b6 10.O-O Bb7 11.Be3 Nb8 12.f3 Nbd7 13.Qd2 O-O 14.Rfd1 Rc8 15.Bf1 Qc7
16.Rac1 Qb8 17.Kh1 Ba8 18.Bg1 h6 19.Nc2 Ne5 20.Ne3 Rfd8 21.Qe2 Ng6 22.Rc2 Nf4
23.Qf2 g5 24.Rcd2 Bc6 25.a4 Qb7 26.Nc2 Rb8 27.b4 Be8 28.Qe3 Ng6 29.Bf2 Nd7
30.h4 Kh7 31.Bg3 Nge5 32.hxg5 hxg5 33.f4 Ng4 34.Qf3 gxf4 35.Bxf4 Nde5 36.Qg3 Bd7
37.Be2 Rg8 38.Qh3+ Kg6 39.Kg1 Rh8 40.Bxg4 Rxh3 41.Bxe5 Rxc3 42.Bxc3 Qxe4
43.Be2 f5 44.b5 axb5 45.axb5 Bg5 46.Bd3 Qh4 47.Re2 Bf6 48.Bxf5+ exf5 49.Rxd6 Rf8
50.Ne3 Kg5 51.Bxf6+ Rxf6 52.Rxd7 Re6 53.Rd5 Qe4 54.Rxf5+ Qxf5 55.Nxf5 Rxe2
56.Nd6 Kf4 57.Kf1 Re6 58.Nb7 Re7 59.Nd6 Rc7 60.Ke2 Ke5  0-1

[Event "JUG-chT"]
[Site "Tivat"]
[Date "1995.??.??"]
[Round "5"]
[White "Ivanisevic, Ivan"]
[Black "Jovicevic, Bozidar"]
[Result "1-0"]
[WhiteElo "2315"]
[BlackElo "2280"]

1.e4 c5 2.Nf3 e6 3.d4 cxd4 4.Nxd4 Nc6 5.Nb5 d6 6.c4 Nf6 7.N5c3 Be7 8.g3 O-O
9.Bg2 Bd7 10.O-O Rc8 11.b3 a6 12.Be3 Ne5 13.a4 Qc7 14.h3 Qb8 15.Qe2 Rfe8
16.g4 g6 17.Nd2 Bf8 18.a5 Nc6 19.Na4 Rcd8 20.Nb6 Bg7 21.Ra4 e5 22.Nxd7 Nxd7
23.b4 Nf8 24.Nb3 Ne6 25.Qd2 Qc8 26.Ra2 Ncd4 27.Bxd4 exd4 28.Rc2 g5 29.c5 Qd7
30.cxd6 Qxd6 31.Nc5 d3 32.Rc4 Qf4 33.Rd1 Qc7 34.Bf1 Nf4 35.Qe3 Nd5 36.Qxg5 h6
37.Qh5 Nf4 38.Qf5 Ne2+ 39.Kh1 Re5 40.Qf3 Ree8 41.Rxd3 Rxd3 42.Qxd3 Nf4 43.Qe3 Qe5
44.Nxb7 Qg5 45.Nd6 Rd8 46.Rc8 Rxc8 47.Nxc8 Be5 48.Nb6 h5 49.Nc4 hxg4 50.Nxe5 Qxe5
51.hxg4 Qg5 52.Kg1 Kh7 53.Qf3  1-0

[Event "LTU-ch"]
[Site "Vilnius"]
[Date "1995.??.??"]
[Round "3"]
[White "Sulskis, Sarunas"]
[Black "Dambrauskas, Virginijus"]
[Result "1-0"]
[WhiteElo "2470"]
[BlackElo "2340"]

1.e4 c5 2.Nf3 Nc6 3.d4 cxd4 4.Nxd4 e6 5.Nb5 d6 6.c4 Nf6 7.N1c3 a6 8.Na3 Be7
9.Be2 b6 10.O-O Bb7 11.Be3 Qc7 12.Rc1 O-O 13.Nd5 exd5 14.cxd5 Nxe4 15.dxc6 Bc8
16.Nc4 Rb8 17.Qd4 Nc5 18.b4 Ne6 19.Qd5 b5 20.Na5 g6 21.Bg4 Qd8 22.Qd2 Nc7
23.Bxc8 Qxc8 24.Bg5 Bxg5 25.Qxg5 Re8 26.Rfe1 Re6 27.Re3 Qf8 28.h3 Rbe8 29.Rxe6 Rxe6
30.Nb3 Qe8 31.Qd2 Qe7 32.Nd4 Re4 33.Nf3 d5 34.Nd4 Qe5 35.Rd1 Qd6 36.Qc3 Qe5
37.f3 Re3 38.Qd2 Qe8 39.Kf2 Re7 40.Rc1 Qd8 41.Qf4 Re8 42.a3 Qe7 43.h4 Qe5
44.Qxe5 Rxe5 45.Kg3 f6 46.Kf4 Kf7 47.g4 Re8 48.g5 Ra8 49.Ke3 Ke7 50.Kd3 Kd6
51.h5 Rf8 52.hxg6 hxg6 53.Rh1 Ne6 54.Nxe6 Kxe6 55.Kd4 fxg5 56.Kc5 Rxf3 57.Re1+ Kf5
58.Rc1 Rh3 59.c7 Rh8 60.Kxd5 g4 61.c8=Q+  1-0

[Event "LTU-ch"]
[Site "Vilnius"]
[Date "1995.??.??"]
[Round "7"]
[White "Sulskis, Sarunas"]
[Black "Grabliauskas, Virginijus"]
[Result "1-0"]
[WhiteElo "2470"]
[BlackElo "2410"]

1.e4 c5 2.Nf3 e6 3.d4 cxd4 4.Nxd4 Nc6 5.Nb5 d6 6.c4 Nf6 7.N1c3 a6 8.Na3 b6
9.Be2 Bb7 10.O-O Nb8 11.f3 Be7 12.Be3 Nbd7 13.Qd2 O-O 14.Rfd1 Qc7 15.Rac1 Rac8
16.Qe1 Rfe8 17.Qf2 Ba8 18.Nc2 Qb8 19.Nd4 Kh8 20.Kh1 Rg8 21.b4 g5 22.Nb3 Rg6
23.Na4 Rc6 24.c5 dxc5 25.bxc5 bxc5 26.Naxc5 Nxc5 27.Bxc5 Bxc5 28.Rxc5 g4
29.Qd4 gxf3 30.Bxf3 Qf4 31.Qc3 Rxc5 32.Nxc5 e5 33.Rd8+ Rg8 34.Nd3 Qe3 35.Qxe5 Qb6
36.Rxg8+ Kxg8 37.h3 Qb1+ 38.Kh2 Qxd3 39.Qg5+ Kf8 40.Qxf6 Qd2 41.h4 Bb7 42.Qh8+ Ke7
43.Qe5+ Kd7 44.Qb8 Qb4 45.Bg4+  1-0

[Event "Vladivostok op"]
[Site "Vladivostok"]
[Date "1995.??.??"]
[Round "5"]
[White "Nevostrujev, Vladimir"]
[Black "Saltaev, Mihail"]
[Result "1-0"]
[WhiteElo "2425"]
[BlackElo "2495"]

1.e4 c5 2.Nf3 e6 3.d4 cxd4 4.Nxd4 Nc6 5.Nb5 d6 6.c4 Nf6 7.N5c3 Be7 8.g3 b6
9.Bg2 Bb7 10.O-O Rc8 11.b3 O-O 12.Bb2 Rc7 13.Na3 Rd7 14.Nc2 Qa8 15.Ne3 a6
16.Qe2 b5 17.Rfd1 Na7 18.Ng4 Nxg4 19.Qxg4 Bf6 20.Rab1 Qd8 21.Qe2 Bc6 22.cxb5 axb5
23.b4 Qa8 24.Nd5 Bd8 25.Nf4 g6 26.Rbc1 Nc8 27.Qd3 Rc7 28.Rc2 e5 29.Rdc1 Re8
30.a4 Na7 31.Nd5 bxa4 32.Nxc7 Bxc7 33.Rxc6 Nxc6 34.Qd5 Nxb4 35.Qxa8 Rxa8
36.Rxc7 a3 37.Ba1 a2 38.Bf1 Ra3 39.Bc4 d5 40.exd5 Nc2 41.d6 Nxa1 42.d7  1-0

[Event "AUT-ch"]
[Site "Voitsberg"]
[Date "1995.??.??"]
[Round "6"]
[White "Sinowjew, Juri"]
[Black "Stanec, Nikolaus"]
[Result "0-1"]
[WhiteElo "2320"]
[BlackElo "2480"]

1.e4 c5 2.Nf3 e6 3.d4 cxd4 4.Nxd4 Nc6 5.Nb5 d6 6.c4 Nf6 7.N1c3 a6 8.Na3 Be7
9.Be2 O-O 10.Be3 b6 11.f4 Bb7 12.Bf3 Nb4 13.Qd2 d5 14.exd5 exd5 15.O-O Ne4
16.Qe2 Re8 17.Nxd5 Nxd5 18.cxd5 Bxa3 19.bxa3 Qxd5 20.Bxb6 Qd6 21.Qb2 Bc6
22.Qd4 Qg6 23.Rac1 Rac8 24.f5 Qxf5 25.Rfe1 h6 26.Re3 Qg5 27.Rxc6 Rxc6 28.Bxe4 Rce6
29.h4 Qb5 30.Bd3 Qc6 31.Rxe6 Rxe6 32.Ba5 Rd6 33.Qe4 Qc5+ 34.Kh2 Rxd3 35.Qxd3 Qxa5
36.Qe3 Qc7+ 37.Kg1 Qc6 38.Qb3 Qc1+ 39.Kh2 Qf4+ 40.g3 Qd2+ 41.Kg1 Qd6 42.Kf2 g6
43.Qc3 Qe6 44.Kf3 Kh7 45.Qd3 Kg7 46.Qc2 Qd5+ 47.Ke3 Qe5+ 48.Kf3 a5 49.a4 g5
50.hxg5 hxg5 51.Qb3 f5 52.Qb5 Qc3+ 53.Ke2 Qc2+ 54.Ke1 Qe4+ 55.Kf2 g4 56.Kg1 Kg6
57.Qb6+ Kh5 58.Qxa5 Qe3+ 59.Kh1 Qf3+ 60.Kh2 Qf2+ 61.Kh1 Qf1+ 62.Kh2 Qh3+
63.Kg1 Qxg3+ 64.Kf1 Qf3+ 65.Kg1 Qe3+ 66.Kg2 Qe4+ 67.Kf2 Qc2+ 68.Kg3 Qd3+
69.Kg2 Qe2+ 70.Kg1 Kh4 71.Qc7 Qe1+ 72.Kg2 Qd2+ 73.Kh1 f4 74.Qa7 Kh3  0-1

[Event "Sonnevanck-B"]
[Site "Wijk aan Zee"]
[Date "1995.??.??"]
[Round "4"]
[White "Los, Sander"]
[Black "Loeffler, Stefan"]
[Result "0-1"]
[WhiteElo "2365"]
[BlackElo "2425"]

1.e4 c5 2.Nf3 e6 3.d4 cxd4 4.Nxd4 Nc6 5.Nb5 d6 6.c4 Nf6 7.N1c3 a6 8.Na3 Be7
9.Be2 b6 10.O-O Bb7 11.f4 O-O 12.Bf3 Rc8 13.Be3 Re8 14.Rf2 Na5 15.Rd2 Qc7
16.Rc1 Nxc4 17.Nxc4 Qxc4 18.Rd4 Qc7 19.Nd5 Qd8 20.Rxc8 Bxc8 21.Nxe7+ Qxe7
22.Rxd6 Nd5 23.Rxd5 exd5 24.e5 Qb4 25.Bxd5 Rd8 26.h3 Be6  0-1

[Event "Sonnevanck"]
[Site "Wijk aan Zee"]
[Date "1995.??.??"]
[Round "9"]
[White "Riemersma, Liafbern"]
[Black "Van Mil, Johannes A J"]
[Result "1-0"]
[WhiteElo "2430"]
[BlackElo "2475"]

1.e4 c5 2.Nf3 e6 3.d4 cxd4 4.Nxd4 Nc6 5.Nb5 d6 6.c4 Nf6 7.N1c3 a6 8.Na3 b6
9.Be2 Bb7 10.O-O Ne5 11.f4 Ned7 12.Bf3 Be7 13.Be3 O-O 14.Qe2 Re8 15.Rfd1 Qc7
16.Rac1 Rac8 17.g4 h6 18.h4 Nh7 19.Qh2 Qd8 20.Bf2 Ndf8 21.Na4 Rb8 22.Nxb6 Qc7
23.f5 Bf6 24.c5 Bxb2 25.cxd6 Qxc1 26.Rxc1 Bxc1 27.Nac4 Nf6 28.Qg2 exf5 29.e5 Bxf3
30.Qxf3 Nxg4 31.d7 Red8 32.Qxf5 Nxf2 33.Kxf2 Rb7 34.Nd6 Rbxd7 35.Nxd7 Rxd7
36.h5 Ba3 37.Nc4 Bc5+ 38.Ke2 Ne6 39.Qb1 Nf4+ 40.Kf3 Nxh5 41.Qf5 Rd4 42.Qc8+ Bf8
43.Nb6 Nf4 44.Qxa6 Nd3 45.Qb5 Bc5 46.Kg3 h5 47.Qe8+ Kh7 48.Nd7 h4+ 49.Kh2 Rf4
50.Nxc5 Nxc5 51.Qc8 Ne6 52.Qc2+ Kh6 53.a4 g5 54.a5 g4 55.Qc1 g3+ 56.Kg1 Kg5
57.a6 Nd4 58.Kg2 Kg4 59.Qxf4+ Kxf4 60.a7 Kg4 61.a8=Q h3+ 62.Kf1 Kf4 63.Qh8 h2
64.Qh4+ Kf3 65.Qh5+ Kf4 66.Qxf7+ Nf5 67.Kg2 Kxe5 68.Qc7+ Ke4 69.Qc6+ Kf4
70.Qc4+ Kg5 71.Qd5 Kg6 72.Qc6+ Kg5 73.Qd5 Kg6 74.Qe4 Kg5 75.Kh3 Nd6 76.Qe3+ Kf6
77.Qf3+ Nf5 78.Kg4 h1=Q 79.Qxh1 g2 80.Qg1 Ke5 81.Qe1+ Kf6 82.Qf2 g1=Q+ 83.Qxg1 Ne7
84.Qd4+ Ke6 85.Kg5 Nd5 86.Kg6 Ne7+ 87.Kg5 Nd5 88.Qe4+ Kd6 89.Kf5 Ne7+ 90.Kf6 Nd5+
91.Kf7 Kc5 92.Ke6 Nc7+ 93.Ke5 Nb5 94.Qc2+ Kb4 95.Kd5 Nc3+ 96.Kd4 Nb5+ 97.Kd3 Nd6
98.Qc6 Nb5 99.Qb6 Ka4 100.Kc4 Na3+ 101.Kc5 Nc2 102.Qb2 Na3 103.Qb4+  1-0

[Event "Yalta op"]
[Site "Yalta"]
[Date "1995.??.??"]
[Round "6"]
[White "Lukin, Andrei M"]
[Black "Poluljahov, Aleksandr"]
[Result "1/2-1/2"]
[WhiteElo "2420"]
[BlackElo "2450"]

1.e4 c5 2.Nf3 e6 3.d4 cxd4 4.Nxd4 Nc6 5.Nb5 d6 6.c4 Nf6 7.N1c3 a6 8.Na3 b6
9.Be2 Bb7 10.O-O Be7 11.Be3 Ne5 12.f4 Ned7 13.Bf3 O-O 14.Qe2 h6 15.Rad1 Qc7
16.Nab1 Rac8 17.Nd2 Rfe8 18.g4 Nh7 19.Qf2 Nc5 20.Nb3 Nd7 21.Nd2 Qd8 22.e5 Qc7
23.exd6 Bxd6 24.Bxb7 Qxb7 25.Nde4 Bf8 26.g5 Qc6 27.gxh6 g6 28.Qg2 Ndf6 29.Bd4 Nxe4
30.Nxe4 Qxc4 31.Bxb6 Qb4 32.Bd4 Rc4 33.Bc3 Qb6+ 34.Kh1 Qc6 35.Rfe1 Be7 36.Rd3 Qb5
37.Be5 Rc1 38.Re3 Qb6 39.Qd2 Rxe1+ 40.Rxe1 Rd8 41.Qc3 Qb7 42.Bc7 Bf6 43.Be5 Bxe5
44.Qxe5 f5  1/2-1/2

[Event "Zalakaros op"]
[Site "Zalakaros"]
[Date "1995.??.??"]
[Round "4"]
[White "Czebe, Attila"]
[Black "Boronyak, Arpad"]
[Result "1-0"]
[WhiteElo "2430"]
[BlackElo "2310"]

1.e4 c5 2.Nf3 e6 3.d4 cxd4 4.Nxd4 Nc6 5.Nb5 d6 6.c4 a6 7.N5c3 Nf6 8.Be2 Be7
9.O-O O-O 10.Be3 Bd7 11.Na3 Rc8 12.Rc1 Qa5 13.f4 Nb8 14.Bf3 b5 15.e5 dxe5
16.fxe5 Ne8 17.Qd2 b4 18.Nd5 Bc5 19.Nc2 exd5 20.cxd5 Bxe3+ 21.Nxe3 Rxc1 22.Rxc1 Nc7
23.Kh1 Nb5 24.a3 Qb6 25.Nc4 Qd4 26.Qxb4 Rc8 27.a4 Qf4 28.Rc2 Nd4 29.Rc3 Nxf3
30.gxf3 Bh3 31.Qb7 h5 32.e6 Rf8 33.e7 Re8 34.d6 Qd4 35.Rc1 Qf4 36.Rc3 Nd7
37.Qe4 Qg5 38.Ne3 Nf6 39.Qd4 Qg6 40.Rc1 Bd7 41.Rg1 Qh6 42.Nc4 Be6 43.Nb6 Nd7
44.a5 Qf6 45.Qxf6 Nxf6 46.Rc1 g6 47.b4 Rb8 48.Rc7 Kg7 49.Kg1 Ng8 50.b5 axb5
51.a6  1-0

[Event "Donner mem op"]
[Site "Amsterdam"]
[Date "1996.??.??"]
[Round "6"]
[White "Slingerland, Fred"]
[Black "Ree, Hans"]
[Result "1-0"]
[WhiteElo "2295"]
[BlackElo "2440"]

1.e4 c5 2.Nf3 e6 3.d4 cxd4 4.Nxd4 Nc6 5.Nb5 d6 6.c4 Nf6 7.N1c3 a6 8.Na3 Be7
9.Be2 O-O 10.O-O b6 11.Be3 Ne5 12.Rc1 Bb7 13.Qb3 Ned7 14.f3 Rb8 15.Rfd1 Qc7
16.Bf1 Rfe8 17.Qc2 Ba8 18.Qf2 Rbc8 19.b4 Qb8 20.Na4 Bd8 21.Qg3 Bc7 22.Bh6 g6
23.Qh4 Nh5 24.c5 b5 25.Nc3 Bc6 26.cxd6 Bxd6 27.Nc2 Ne5 28.a3 Bb7 29.Ne3 Be7
30.Bg5 f6 31.Bh6 Nf7 32.g4 Nf4 33.Bxf4 Qxf4 34.Ng2 Qb8 35.Qf2 g5 36.Ne2 Ne5
37.Nd4 Rxc1 38.Rxc1 Qa7 39.Be2 Bd8 40.Nb3 Bb6 41.Nc5 Rc8 42.Ne1 Rd8 43.h4 Bc8
44.hxg5 fxg5 45.Kg2 Ng6 46.Kf1 Nf4 47.Ng2 Qb8 48.Qe3 Nh3 49.e5 Bb7 50.Bd3 Bd5
51.Ke1 Rf8 52.Be4 Qxe5 53.Bxh7+  1-0

[Event "Andorra"]
[Site "Andorra"]
[Date "1996.??.??"]
[Round "9"]
[White "Rodriguez, Amador"]
[Black "Pogorelov, Ruslan"]
[Result "1/2-1/2"]
[WhiteElo "2510"]
[BlackElo "2450"]

1.e4 c5 2.Nf3 Nc6 3.d4 cxd4 4.Nxd4 e6 5.Nb5 d6 6.Bf4 e5 7.Be3 a6 8.N5c3 Nf6
9.Bc4 Be6 10.Nd5 Nxe4 11.Bb6 Qg5 12.O-O Bxd5 13.Bxd5 Nf6 14.f4 exf4 15.Re1+ Be7
16.Bxc6+ bxc6 17.Qxd6 O-O 18.Rxe7 Nd5 19.Re5 Qg4 20.Rxd5 cxd5 21.Nc3 f3 22.Qg3 Qb4
23.Nxd5 Qxb2 24.Rd1 Qxc2 25.Qxf3 Rae8 26.Rf1 f6  1/2-1/2

[Event "AUT-chT2O 9697"]
[Site "Austria"]
[Date "1996.??.??"]
[Round "?"]
[White "Fusi, Christopher"]
[Black "Boehsmueller, Raimund"]
[Result "1/2-1/2"]
[WhiteElo "2210"]
[BlackElo "2310"]

1.e4 c5 2.Nf3 e6 3.d4 cxd4 4.Nxd4 Nc6 5.Nb5 d6 6.c4 Nf6 7.N1c3 Be7 8.Bf4 e5
9.Bg5 a6 10.Na3 Nd4 11.Be3 Ne6 12.Be2 O-O 13.O-O b6 14.Nd5 Rb8 15.Nxf6+ Bxf6
16.Qd2 Bb7 17.f3 Bg5 18.Nc2 Bxe3+ 19.Qxe3 a5 20.Rfd1 Qc7 21.Rd2 Rfd8 22.Rad1 Kf8
23.Kf2 Ke7 24.g3 Qc5 25.b3 g6 26.Bf1 Qxe3+ 27.Nxe3 Nd4 28.Nc2 Nxc2 29.Rxc2 Bc8
30.Ke3 Be6 31.f4 f6 32.Rf2 Rbc8 33.f5 Bf7 34.fxg6 hxg6 35.Bh3 Be6 36.Bxe6 Kxe6
37.Rdf1 Rf8 38.g4 Rc7 39.g5 f5 40.exf5+ gxf5 41.h4 Rh7 42.Rh2 Rh5 43.Kf3 Rd8
44.Rd1 d5 45.cxd5+ Rxd5 46.Rxd5 Kxd5 47.Rd2+ Ke6 48.Kg3 Rh8 49.Rc2 Rd8 50.Rc6+ Rd6
51.Rxd6+  1/2-1/2

[Event "AUT-chT9697"]
[Site "Austria"]
[Date "1996.??.??"]
[Round "4"]
[White "Pfaffel, Thomas"]
[Black "Sommerbauer, Norbert"]
[Result "0-1"]
[WhiteElo "2070"]
[BlackElo "2350"]

1.e4 c5 2.Nf3 e6 3.d4 cxd4 4.Nxd4 Nc6 5.Nb5 d6 6.c4 Nf6 7.N1c3 a6 8.Na3 b6
9.Be2 Bb7 10.Be3 Ne5 11.f3 Ned7 12.O-O Be7 13.Qd2 O-O 14.Rfd1 Qc7 15.Rac1 Rac8
16.Kh1 Rfe8 17.Bf4 Ne5 18.Be3 Ned7 19.Bf4 Ne5 20.Be3 Bf8 21.Qd4 Ned7 22.Qd2 Qb8
23.Nc2 h6 24.Bf1 Be7 25.Bf4 Ne5 26.b3 Kh7 27.Ne1 Rg8 28.Nd3 Ned7 29.Nf2 Ne5
30.Nd3 Nfd7 31.Nxe5 Nxe5 32.Bg3 g5 33.Qf2 Bc6 34.Be2 b5 35.f4 gxf4 36.Bxf4 b4
37.Bxe5 dxe5 38.Nb1 Bxe4 39.Bd3 Bxd3 40.Rxd3 f5 41.Rd7 Rc7 42.Rcd1 Qb7 43.Rxc7 Qxc7
44.Qe2 e4 45.Nd2 Bc5 46.Rf1 Qe5 47.Nf3  0-1

[Event "Beersheba"]
[Site "Beersheba"]
[Date "1996.??.??"]
[Round "6"]
[White "Shmuter, Leonid"]
[Black "Tunik, Gennady"]
[Result "0-1"]
[WhiteElo "2490"]
[BlackElo "2475"]

1.e4 c5 2.Nf3 e6 3.d4 cxd4 4.Nxd4 Nc6 5.Nb5 d6 6.c4 Nf6 7.N1c3 a6 8.Na3 Be7
9.Be2 b6 10.O-O Bb7 11.Be3 Ne5 12.f4 Ned7 13.Bf3 O-O 14.Qe2 Re8 15.Rfd1 Qc7
16.Rac1 Rac8 17.Bf2 Qb8 18.Bg3 Nf8 19.Kh1 N6d7 20.Nc2 Ng6 21.Ne3 Qa8 22.Nc2 Nf6
23.Nd4 Bf8 24.e5 Bxf3 25.Nxf3 dxe5 26.Nxe5 Bb4 27.Na4 Qb7 28.Qf3 Qxf3 29.gxf3 Bc5
30.Nxc5 bxc5 31.Rd6 a5 32.Nc6 a4 33.Rcd1 h5 34.Bf2 Kh7 35.b3 axb3 36.axb3 Ne7
37.Ne5 Nf5 38.Rb6 Re7 39.Rb5 Rec7 40.Kg2 h4 41.Kf1 Nh5 42.Nd7 Ra8 43.Nxc5 Ra2
44.Ne4 Nxf4 45.Nd6 Nh3 46.Bg1 Nxd6 47.Rxd6 Ra1+ 48.Kg2 Nxg1 49.Rd2 Rc1 50.Rh5+ Kg6
51.Rxh4 f5 52.Rhd4 e5 53.Rd5 Kg5 54.Rxe5 Kf4 55.Re6 Nxf3 56.Rf2 Rg1+ 57.Kh3 g5  0-1

[Event "Bern op"]
[Site "Bern"]
[Date "1996.??.??"]
[Round "4"]
[White "Dervishi, Erald"]
[Black "Kamber, Bruno"]
[Result "1-0"]
[WhiteElo "2290"]
[BlackElo "2375"]

1.e4 c5 2.Nf3 e6 3.d4 cxd4 4.Nxd4 Nc6 5.Nb5 Bc5 6.Nd6+ Ke7 7.Nc4 d5 8.exd5 exd5
9.Be3 Bxe3 10.Nxe3 Nf6 11.Bd3 Re8 12.O-O Kf8 13.Nd2 Qb6 14.Nb3 a5 15.a4 Be6
16.Bb5 Rad8 17.Re1 Re7 18.Qf3 Ne5 19.Qf4 Ng6 20.Qd4 Qc7 21.Rad1 Rc8 22.c3 h5
23.Qa7 b6 24.Qxc7 Rcxc7 25.Nd4 Ne5 26.h4 Bd7 27.Nef5 Bxf5 28.Nxf5 Re6 29.Nd4 Ree7
30.Nf5 Re6 31.Ne3 Neg4 32.Nc2 Ne5 33.Nd4 Ree7 34.Re2 Nc4 35.Rxe7 Kxe7 36.Re1+ Kf8
37.Re2 Ne4 38.f3 Ned6 39.Bc6 Re7 40.b3 Ne3 41.Rd2 g6 42.Kf2 Ndf5 43.Nxf5 Nxf5
44.Bxd5 Rd7 45.g3 Ne7 46.c4 Nc6 47.Ke3 Nb4 48.Be4 Re7 49.Rd8+ Kg7 50.Kd4 f5
51.Bd5 Re1 52.Rd7+ Kh6 53.Rb7 Rb1 54.Bg8 g5 55.Ke5 Kg6 56.Bh7+ Kh6 57.Bxf5  1-0

[Event "Biel-JTO"]
[Site "Biel"]
[Date "1996.??.??"]
[Round "4"]
[White "Svicevic, Rastko"]
[Black "Rufener, Markus"]
[Result "0-1"]
[WhiteElo "2270"]
[BlackElo "2080"]

1.e4 c5 2.Nf3 e6 3.d4 cxd4 4.Nxd4 Nc6 5.Nb5 d6 6.Bf4 e5 7.Bg5 Nf6 8.N1c3 a6
9.Na3 Be7 10.Bxf6 gxf6 11.Nd5 b5 12.c3 f5 13.Bd3 Be6 14.Qh5 f4 15.g3 fxg3
16.hxg3 Kd7 17.Nc2 Rb8 18.O-O Qg8 19.Nce3 Qg6 20.Qxg6 hxg6 21.g4 Rh4 22.Kg2 Bxg4
23.Nxe7 Nxe7 24.Kg3 Rh3+ 25.Kxg4 Rbh8 26.Bc2 R8h5 27.a4 Ng8  0-1

[Event "Biel op MTO"]
[Site "Biel"]
[Date "1996.??.??"]
[Round "5"]
[White "Bucher, Denis"]
[Black "Berset, Philippe"]
[Result "1-0"]
[WhiteElo "2080"]
[BlackElo "2185"]

1.e4 c5 2.Nf3 e6 3.d4 cxd4 4.Nxd4 Nc6 5.Nb5 d6 6.c4 Nf6 7.N1c3 a6 8.Na3 b6
9.Be3 Bb7 10.f3 Be7 11.Qd2 O-O 12.Nc2 Rc8 13.b3 Re8 14.Be2 Qc7 15.O-O Bf8
16.Rfd1 Ne5 17.Na4 Ned7 18.Rac1 Nc5 19.Nc3 Ncd7 20.Nd4 Qb8 21.Na4 d5 22.e5 Nxe5
23.Nxb6 Rcd8 24.c5 Qc7 25.b4 Nc6 26.Nxc6 Qxc6 27.a4 d4 28.Bg5 Qc7 29.Qc2 e5
30.Bxf6 gxf6 31.Bd3 Bh6 32.Rb1 Be3+ 33.Kh1 h5 34.Be4 h4 35.Nc4 Bd5 36.Bxd5 Rxd5
37.Nxe3 Red8 38.Nf5 h3 39.Qe4  1-0

[Event "SLO-chT"]
[Site "Bled"]
[Date "1996.??.??"]
[Round "2"]
[White "Zorko, Dusan"]
[Black "Kragelj, Igor"]
[Result "1/2-1/2"]
[WhiteElo "2250"]
[BlackElo "2225"]

1.e4 c5 2.Nf3 Nc6 3.d4 cxd4 4.Nxd4 e6 5.Nb5 d6 6.c4 Nf6 7.N1c3 a6 8.Nd4 Be7
9.Be2 O-O 10.Nc2 b6 11.Ne3 Bb7 12.b3 b5 13.f3 bxc4 14.bxc4 Qc7 15.O-O Nd7
16.Na4 Bf6 17.Rb1 Bd4 18.Kh1 Ba7 19.Ba3 Nc5 20.Nc3 Na5 21.Qd2 Rad8 22.Rfc1 Bc6
23.Bb2 Ba8 24.Bf1 Bb8 25.g3 f5 26.Bg2 fxe4 27.Nxe4 Bxe4 28.fxe4 Nc6 29.Bc3 Na4
30.Ba1 Ne5 31.Qe2 Nc5 32.Rd1 Ba7 33.Ng4 Ncd7 34.Rbc1 Bc5 35.Bh3 Rde8 36.Bd4 Nf3
37.Be3 Qc6 38.Nf2 Rf6 39.Bg2 Ref8 40.Ng4 R6f7 41.Bxc5 Qxc5 42.Rf1 Nfe5 43.Ne3 Rxf1+
44.Bxf1 Qa3 45.Rd1 Nf6 46.Bg2 Rb8 47.Qd2 Nf7 48.Qe2 Rb2 49.Rd2 Rb1+ 50.Rd1 Rxd1+
51.Nxd1 Qc1 52.Bh3 Ng5 53.Bg2 a5 54.h4 Ngxe4 55.Bxe4 Nxe4 56.Qxe4 Qxd1+ 57.Kg2 Qd2+
58.Kh3 Kf7 59.Qxh7  1/2-1/2

[Event "Bled op"]
[Site "Bled"]
[Date "1996.??.??"]
[Round "4"]
[White "Susnik, Matej"]
[Black "Kragelj, Igor"]
[Result "1/2-1/2"]
[WhiteElo "2255"]
[BlackElo "2195"]

1.e4 c5 2.Nf3 Nc6 3.d4 cxd4 4.Nxd4 e6 5.Nb5 d6 6.c4 Nf6 7.N1c3 a6 8.Nd4 Be7
9.Be2 O-O 10.O-O Bd7 11.Be3 Nxd4 12.Qxd4 Bc6 13.Rfd1 Qb8 14.a4 a5 15.f3 Rd8
16.Nb5 Bxb5 17.axb5 Nd7 18.f4 Nc5 19.Ra2 Qc7 20.Bf3 Rac8 21.Qd2 Nb3 22.Qd3 Qxc4
23.Qxc4 Rxc4 24.Bb6 Rdc8 25.Ra3 a4 26.Rd3 Rb4 27.Rxa4 Rxa4 28.Rxb3 Rc2 29.h3 g5
30.Be3 gxf4 31.Bxf4 d5 32.Kh2 Rcc4 33.Bd1 Bh4 34.Bg3 Be7 35.exd5 exd5 36.Rd3 Rd4
37.Re3 Re4 38.Rc3 Rac4 39.Rf3 Rcd4 40.Bc2 Re2 41.Bd3 Re6 42.Bf5 Re2 43.Bd3 Re6
44.Bf5 Re2  1/2-1/2

[Event "Budapest FS11 GM"]
[Site "Budapest"]
[Date "1996.??.??"]
[Round "6"]
[White "Cao Sang"]
[Black "Berend, Fred"]
[Result "1-0"]
[WhiteElo "2445"]
[BlackElo "2425"]

1.e4 c5 2.Nf3 e6 3.d4 cxd4 4.Nxd4 Nc6 5.Nb5 d6 6.c4 Nf6 7.N1c3 a6 8.Na3 b6
9.Be2 Bb7 10.Be3 Ne5 11.f3 Be7 12.O-O Qc7 13.Rc1 O-O 14.Qe1 Rfe8 15.Qf2 Ned7
16.Rfd1 Rac8 17.Kh1 Bd8 18.Bf4 e5 19.Be3 Qb8 20.Nc2 h6 21.Bf1 Nh5 22.Qd2 Re6
23.Nb4 Rg6 24.Nbd5 Kf8 25.Qf2 Bc6 26.Nb4 Bb7 27.g3 Ndf6 28.Nbd5 Nxd5 29.Nxd5 Nf6
30.Bh3 Nxd5 31.cxd5 Rxc1 32.Rxc1 b5 33.Bb6 Bg5 34.Rc7 h5 35.Ba5 Bd8 36.Rxb7 Qxb7
37.Bxd8 h4 38.gxh4 Rh6 39.Qb6 Qa8 40.Qc7 Kg8 41.Bd7 a5 42.Bc6 Qa6 43.Qb8  1-0

[Event "Budapest FS11 IM"]
[Site "Budapest"]
[Date "1996.??.??"]
[Round "6"]
[White "Weteschnik, Martin"]
[Black "Belotelov, Dimitri"]
[Result "0-1"]
[WhiteElo "2045"]
[BlackElo "2230"]

1.e4 c5 2.Nf3 e6 3.d4 cxd4 4.Nxd4 Nc6 5.Nb5 d6 6.c4 Nf6 7.N1c3 a6 8.Na3 b6
9.Be3 Bb7 10.Be2 Be7 11.O-O Nb8 12.f3 Nbd7 13.Qd2 Qc7 14.Rac1 Rc8 15.Rfd1 O-O
16.Nc2 Qb8 17.Kh1 Kh8 18.Bf1 Rg8 19.a4 Ba8 20.b4 Rc7 21.Na1 Ne5 22.c5 dxc5
23.bxc5 Bxc5 24.Bxc5 Rxc5 25.Bxa6 Neg4 26.fxg4 Nxg4 27.g3 f5 28.Kg1 fxe4
29.Qf4 Qxf4 30.gxf4 g5 31.h3 Ne3 32.Nb3 gxf4+ 33.Kh2 Rxc3 34.Re1 Rxb3  0-1

[Event "Budapest FS03 IM"]
[Site "Budapest"]
[Date "1996.??.??"]
[Round "10"]
[White "Farago, Sandor"]
[Black "Borsavolgyi, Tamas"]
[Result "1/2-1/2"]
[WhiteElo "2365"]
[BlackElo "2375"]

1.e4 c5 2.Nf3 e6 3.d4 cxd4 4.Nxd4 Nc6 5.Nb5 d6 6.c4 Nf6 7.N5c3 Bd7 8.Be3 Ne5
9.Be2 Bc6 10.f4 Ned7 11.Bf3 Qa5 12.Nd2 Be7 13.a3 Qc7 14.b4 a6 15.Rc1 b6 16.Nd5 Qb7
17.Nxe7 Kxe7 18.Qc2 Rac8 19.O-O Rhd8 20.Qb1 b5 21.c5 dxc5 22.bxc5 e5 23.Qb4 Qc7
24.fxe5 Nxe5 25.Bf4 Kf8 26.Qc3 Re8 27.Rfe1 Qe7 28.Nb3 Nfd7 29.Kh1 Bb7 30.Qd4 Kg8
31.Red1 Qf6 32.Bxe5 Nxe5 33.Be2 Qe6 34.Na5 Nc6 35.Nxc6 Bxc6 36.Bf3 Qe5 37.Qd6 Re6
38.Qd2 Rh6 39.h3 Re6 40.Qa5 Bb7 41.Rd8+ Re8 42.Rxe8+ Qxe8 43.Qb6 Qd7 44.Rd1 Qe7
45.Rd6 g6 46.Kg1 Bxe4 47.Bxe4 Qxe4 48.Rd8+ Rxd8 49.Qxd8+ Kg7 50.Qd6 Qe3+
51.Kh2 f5 52.c6 f4 53.Qd1 Qe5 54.Kh1 Kf8 55.Qc1 Qc7 56.Qc5+ Ke8 57.Kg1 Qe7
58.Qd5  1/2-1/2

[Event "Buenos Aires op"]
[Site "Buenos Aires"]
[Date "1996.??.??"]
[Round "?"]
[White "Servat, Roberto"]
[Black "Zapata, Alonso"]
[Result "0-1"]
[WhiteElo "2440"]
[BlackElo "2505"]

1.e4 c5 2.Nf3 e6 3.d4 cxd4 4.Nxd4 Nc6 5.Nb5 d6 6.c4 Nf6 7.N1c3 a6 8.Na3 b6
9.Be2 Bb7 10.O-O Be7 11.Be3 Nb8 12.f3 O-O 13.Qd2 Nbd7 14.Rfd1 Ra7 15.Rac1 Qb8
16.Kh1 Ba8 17.Nc2 Rc8 18.Nd4 Ne5 19.b3 Rd8 20.Bf1 d5 21.cxd5 exd5 22.Nxd5 Nxd5
23.exd5 Bxd5 24.Qf2 Bc5 25.Nf5 Bxe3 26.Qxe3 g6 27.Ng3 b5 28.Ne4 Kg7 29.Qg5 h6
30.Qf6+ Kh7 31.Qh4 Kg7 32.Rc5 Rad7 33.Nf6 Nxf3 34.Nxd7 Nxh4 35.Rcxd5 Qa7
36.b4 Nf5 37.Nc5 Rxd5 38.Rxd5 Qe7 39.Rd1 a5 40.a3 axb4 41.axb4 Qh4  0-1

[Event "Buenos Aires op"]
[Site "Buenos Aires"]
[Date "1996.??.??"]
[Round "?"]
[White "Herman, Diego"]
[Black "Zapata, Alonso"]
[Result "0-1"]
[WhiteElo "2090"]
[BlackElo "2505"]

1.e4 c5 2.Nf3 e6 3.d4 cxd4 4.Nxd4 Nc6 5.Nb5 d6 6.c4 Nf6 7.N1c3 a6 8.Na3 b6
9.Be2 Bb7 10.O-O Be7 11.Be3 Nb8 12.f3 O-O 13.Qb3 Nbd7 14.Rfd1 Qc7 15.Rd2 Rac8
16.Rad1 Rfe8 17.Nab5 axb5 18.Nxb5 Qb8 19.Nxd6 Bxd6 20.Rxd6 Bc6 21.Qa3 Qc7
22.b4 e5 23.b5 Bb7 24.Qb4 Nc5 25.a4 Nfd7 26.a5 bxa5 27.Qd2 Nf8 28.b6 Qb8
29.Qxa5 Nfe6 30.Qa7 Qxa7 31.bxa7 Nd4 32.Bxd4 exd4 33.Rb1 Ra8 34.Rb5 Rec8
35.Ra5 Rc7 36.Bd1 Ne6 37.Rb6 Kf8 38.c5 Ke7 39.Ba4 Bc8 40.Rb8 Raxa7  0-1